|
|
|
|
| LEADER |
00000cam a2200000 7i4500 |
| 001 |
0000000980 |
| 005 |
20140321.0 |
| 020 |
0 |
0 |
|a 9251023638
|
| 090 |
0 |
0 |
|a FAO634.92
|b FOR 1986
|
| 245 |
0 |
0 |
|a FORESTRY extension organization
|
| 260 |
0 |
0 |
|a Rome :
|b Food and Agriculture Organization of the United Nations ,
|c 1986
|
| 300 |
|
|
|a x, 167 p. :
|b ill. ;
|c 30 cm.
|
| 440 |
0 |
0 |
|a FAO forestry paper ; 66
|
| 650 |
0 |
0 |
|a Forestry extension work
|
| 710 |
1 |
1 |
|a Food and Agriculture Organization of the United Nations (FAO)
|
| 998 |
|
|
|a JPSM
|
| 999 |
|
|
|a 0000000679
|b Monograph
|c Reference
|e Default branch
|
| 999 |
|
|
|a 0000002142
|b Monograph
|c Food and Agriculture Organization
|e Default branch
|